[Event "?"]
[Site "masterchessopenings.com Gyula (Hungary)"]
[Round "0"]
[White "Korchnoi Viktor (SUI)"]
[Black "Forintos Gyozo V (HUN)"]
[Result "1-0"]
[WhiteElo "2556"]
[BlackElo "2317"]

1.d4 Nf6 2.c4 e6 3.Nc3 Bb4 4.Nf3 c5 5.e3 O-O 6.Be2 b6 7.O-O Bb7 8.Bd2 cxd4
9.exd4 Be7 10.Re1 d5 11.cxd5 Nxd5 12.a3 Ba6 13.Nxd5 Qxd5 14.Bxa6 Nxa6 15.Qa4
Qb7 16.Bf4 Rac8 17.Rad1 Rfd8 18.Ne5 b5 19.Qb3 Nc7 20.Qg3 Nd5 21.Bh6 Bf8 22.Qg4
Nf6 23.Qh4 Nd5 24.Bd2 Bd6 25.Rc1 Be7 26.Qh5 Bf6 27.Rcd1 Rc2 28.Bc1 Rdc8 29.Qf3
a5 30.g3 a4 31.h4 R8c7 32.Ng4 h5 33.Ne5 Qc8 34.Bg5 Bxe5 35.dxe5 Rxb2 36.Qxh5
Rcc2 37.Rc1 Qc5 38.Rxc2 Rxc2 39.Qf3 Rc3 40.Qg4 Rc4 41.Qf3 Rc3 42.Qg4 Qxa3
43.Re4 Qf8 44.h5 a3 45.h6 a2 46.Re1 Rb3 47.Bf6 g6 48.h7+ Kxh7 49.Qe4 Qb4 {#r}
1-0

[Event "?"]
[Site "masterchessopenings.com Leningrad (Russia)"]
[Round "0"]
[White "Ivanov Igor V (CAN)"]
[Black "Korchnoi Viktor (SUI)"]
[Result "0-1"]
[WhiteElo "2424"]
[BlackElo "2650"]

1.d4 Nf6 2.c4 e6 3.Nc3 Bb4 4.e3 O-O 5.Nf3 c5 6.Be2 b6 7.O-O Bb7 8.Na4 cxd4
9.exd4 Be7 10.Bf4 d6 11.a3 Nbd7 12.b4 Re8 13.Re1 Nf8 14.h3 Ng6 15.Bh2 Rc8
16.Bf1 Ne4 17.Rc1 Nh4 18.Nxh4 Bxh4 19.Rc2 b5 20.g3 Bf6 21.cxb5 Rxc2 22.Qxc2
Ng5 23.Bg2 Qa8 24.Bxb7 Qxb7 25.Qc6 Qxc6 26.bxc6 Nf3+ 27.Kf1 Nxe1 28.Kxe1 Bxd4
29.Ke2 Rc8 {#R} 0-1

[Event "?"]
[Site "masterchessopenings.com URS"]
[Round "0"]
[White "Osnos Viatcheslav (RUS)"]
[Black "Antoshin Vladimir S (RUS)"]
[Result "1/2-1/2"]
[WhiteElo "2384"]
[BlackElo "2250"]

1.d4 Nf6 2.c4 e6 3.Nc3 Bb4 4.Nf3 c5 5.e3 O-O 6.Bd3 b6 7.O-O Bb7 8.Na4 Qe7 9.a3
Ba5 10.Nd2 Ba6 11.Bc2 Rc8 12.Nc3 d5 13.b3 Nbd7 14.Bb2 Nf8 15.Ne2 Ng6 16.cxd5
Nxd5 17.Nc4 cxd4 18.Nxd4 Nh4 19.f3 e5 20.Nf5 Nxf5 21.Bxf5 Rc5 22.Qe2 Bxc4
23.bxc4 Nf6 24.Bd3 Rac8 25.Rfd1 Ne8 26.Rac1 Nd6 27.Rc2 Qe6 {#d} 1/2-1/2

[Event "?"]
[Site "masterchessopenings.com URS"]
[Round "0"]
[White "Osnos Viatcheslav (RUS)"]
[Black "Makarichev Sergey (RUS)"]
[Result "0-1"]
[WhiteElo "2384"]
[BlackElo "2495"]

1.d4 Nf6 2.c4 e6 3.Nc3 Bb4 4.Nf3 c5 5.e3 O-O 6.Bd2 cxd4 7.exd4 d5 8.c5 b6
9.Na4 bxc5 10.Nxc5 Bxd2+ 11.Qxd2 Ne4 12.Nxe4 dxe4 13.Ng5 Bb7 14.f3 exf3
15.gxf3 Nc6 16.O-O-O Nxd4 17.Qxd4 Qxg5+ 18.f4 Rac8+ 19.Kb1 Qd8 20.Rg1 Be4+
{#R} 0-1

[Event "Bayern Regionalliga Southwest 2004/05"]
[Site "masterchessopenings.com Bayern (Germany)"]
[Date "2005.01.30"]
[Round "6"]
[White "Schmidt Gerhard (GER)"]
[Black "Schulz Juergen (GER)"]
[Result "1-0"]
[WhiteElo "2078"]
[BlackElo "2112"]

1.d4 Nf6 2.c4 e6 3.Nc3 Bb4 4.Nf3 O-O 5.e3 c5 6.Bd3 d6 7.O-O Nc6 8.d5 Bxc3
9.bxc3 Ne7 10.e4 Ng6 11.Ne1 Re8 12.f3 Bd7 13.a4 Qa5 14.Bd2 a6 15.Qb1 Rab8
16.g3 Ne5 17.Be2 Ng6 18.Bd3 exd5 19.exd5 Ne5 20.Be2 Qc7 21.Bg5 Bh3 22.Rf2 Nfd7
23.Ng2 Nf8 24.Bd2 b6 25.Qd1 Qc8 26.Ne3 f5 27.Qc2 g6 28.Re1 Qd8 29.Ng2 Bxg2
30.Kxg2 Nfd7 31.Bf1 Rf8 32.Bh6 Rf7 33.Rfe2 Nf6 34.Bg5 Qf8 35.Bf4 Nfd7 36.Qa2
h6 37.Bxe5 dxe5 38.Qd2 Kg7 39.Kg1 Qd6 40.Bh3 Rbf8 41.a5 b5 42.cxb5 axb5 43.Qb2
Rb8 44.f4 Re7 45.fxe5 Nxe5 46.c4 bxc4 47.Qa1 Kf6 48.Bg2 Rbe8 49.Rb1 Ra7 50.Qc3
Rb8 51.Rxe5 {#r} 1-0

[Event "Bundesliga 1987/88 (2nd)"]
[Site "masterchessopenings.com Germany"]
[Round "0"]
[White "Biebinger Gerhard (GER)"]
[Black "Dudek Richard (GER)"]
[Result "1-0"]
[WhiteElo "2289"]
[BlackElo "2245"]

1.c4 Nf6 2.Nc3 e6 3.d4 Bb4 4.Nf3 c5 5.e3 O-O 6.Be2 d6 7.Bd2 Nc6 8.O-O e5 9.d5
Ne7 10.a3 Bxc3 11.Bxc3 Ne4 12.Be1 f5 13.Nd2 Ng6 14.f4 exf4 15.exf4 Qf6 16.Nxe4
fxe4 17.Bc3 Qe7 18.g3 Bh3 19.Bg4 Bxf1 20.Be6+ Kh8 21.Qxf1 Qe8 22.Qe2 Ne7
23.Qxe4 Qg6 24.Re1 Qxe4 25.Rxe4 Ng8 26.Kg2 Nf6 27.Re1 h6 28.g4 Kh7 29.Kg3 Rae8
30.a4 g6 31.h3 b6 32.a5 Rb8 33.axb6 axb6 34.Ra1 Rb7 35.Kf3 Ne8 36.Ra8 Re7
37.Rb8 h5 38.g5 {#r} 1-0

[Event "Bundesliga 1988/89 (2nd)"]
[Site "masterchessopenings.com Germany"]
[Round "0"]
[White "King Daniel J (ENG)"]
[Black "Luetke Jens (GER)"]
[Result "1/2-1/2"]
[WhiteElo "2495"]
[BlackElo "2309"]

1.d4 Nf6 2.c4 e6 3.Nc3 Bb4 4.Nf3 c5 5.e3 O-O 6.Bd3 d6 7.O-O Bxc3 8.bxc3 Nc6
9.Nd2 e5 10.Re1 Re8 11.d5 e4 12.Nxe4 Nxe4 13.dxc6 bxc6 14.Qc2 Qh4 15.Rf1 Nf6
16.f3 d5 17.cxd5 c4 18.Be2 cxd5 19.Rb1 Qh5 20.Qd2 Qg6 21.Rb4 Bh3 22.Rf2 a5
23.Rb2 Bf5 24.Qd4 h5 25.Bf1 Reb8 26.Qf4 Rxb2 27.Rxb2 Bd3 28.Qd4 Bxf1 29.Kxf1
a4 30.a3 Qf5 31.Bd2 Kh7 32.Kg1 Re8 33.Be1 Re6 34.Bg3 g5 35.Bc7 g4 36.Bf4 h4
37.fxg4 Nxg4 38.Rb8 Re8 39.Rb7 Re4 40.Qd2 Re7 41.Rb5 Nf6 42.h3 Kg6 43.Kh2 Re6
44.Ra5 Rb6 45.Rxa4 Rb1 46.Qd4 Qe4 47.Ra5 Qxd4 48.exd4 Kf5 49.Be5 Ne4 50.Rxd5
Nxc3 51.Rc5 Ne4 52.Rxc4 Nd2 53.Rb4 Nf1+ 54.Kg1 Ra1 55.Kf2 f6 56.Bb8 Ng3 57.Rb3
Ne4+ 58.Ke3 Re1+ 59.Kd3 Rd1+ 60.Ke3 Re1+ 61.Kf3 {#d} 1/2-1/2

[Event "Bundesliga B East 2004/05"]
[Site "masterchessopenings.com Austria"]
[Date "2004.11.20"]
[Round "3"]
[White "Schneider-Zinner Harald (AUT)"]
[Black "Rudolf Herbert (AUT)"]
[Result "1/2-1/2"]
[WhiteElo "2358"]
[BlackElo "2225"]

1.d4 Nf6 2.c4 e6 3.Nc3 Bb4 4.e3 c5 5.Nf3 O-O 6.Bd3 Nc6 7.O-O Bxc3 8.bxc3 d6
9.Nd2 b6 10.Nb3 e5 11.d5 e4 12.dxc6 exd3 13.Qxd3 Qc7 14.e4 Qxc6 15.f3 Nd7
16.Bf4 Ne5 17.Bxe5 dxe5 18.Qd5 Bb7 19.Qxe5 Ba6 20.Rfd1 Rad8 21.Qe7 Qa8 22.Rd2
Rfe8 23.Qc7 Rxd2 24.Nxd2 Rd8 25.Nf1 Rd3 26.Ne3 h6 27.a4 Rxe3 28.Rd1 Kh7
29.Qxf7 Qg8 30.Qf5+ Kh8 31.Qf4 Re2 32.Rd6 Bxc4 33.Rxh6+ gxh6 34.Qxh6+ Qh7
35.Qf8+ Bg8 36.Qf6+ Qg7 37.Qh4+ Bh7 38.Qd8+ Bg8 39.Qh4+ {#d} 1/2-1/2

[Event "Ch Amager"]
[Site "masterchessopenings.com Denmark"]
[Round "4"]
[White "Roder Peter (DEN)"]
[Black "Moller Arne (DEN)"]
[Result "1-0"]
[WhiteElo "2165"]
[BlackElo "1860"]

1.d4 Nf6 2.c4 e6 3.Nc3 Bb4 4.Nf3 c5 5.e3 O-O 6.a3 cxd4 7.exd4 Bxc3+ 8.bxc3 Qa5
9.Qc2 d5 10.Bd3 dxc4 11.Bxc4 Bd7 12.O-O Rc8 13.Ne5 Be8 14.Qa2 Nd5 15.Bd2 Nc6
16.Rfe1 Qd8 17.Rab1 Rc7 18.Rec1 Rac8 19.Nxc6 Bxc6 20.Bf1 Qh4 21.c4 Nf6 22.Bc3
Ne4 23.Ba1 Qg5 24.Rd1 b5 25.d5 exd5 26.cxd5 Bd7 27.Qe2 Nc3 28.Bxc3 Rxc3 29.Qb2
Rc2 30.Qd4 a6 31.Qa7 Qf5 32.Bd3 Qg4 33.Bxc2 Rxc2 34.Qb8+ Rc8 35.Qg3 Qe2 36.h3
h6 37.Qe3 Qa2 38.Rbc1 Rxc1 39.Rxc1 Qxd5 40.Qc5 Qd2 41.Qe3 Qd6 42.Qc5 Qd2
43.Qc3 Qd6 44.Qc5 Qg6 45.Rc3 Be6 46.Qd4 Qb1+ 47.Kh2 Qe1 48.Rg3 g6 49.Qf6 Qe2
50.Rc3 Qe4 51.Rc7 b4 52.axb4 Qxb4 53.Rc1 Qd6+ 54.g3 Qd2 55.Rb1 Qd6 56.Rb7 Kh7
57.Rxf7+ {#r} 1-0

[Event "Ch Asturia"]
[Site "masterchessopenings.com Norena (Spain)"]
[Round "3"]
[White "Calleja Quintana Jesus M (ESP)"]
[Black "Gonzalez Fuente Carlos (ESP)"]
[Result "1/2-1/2"]
[WhiteElo "2156"]
[BlackElo "2265"]

1.d4 Nf6 2.c4 e6 3.Nc3 Bb4 4.Nf3 O-O 5.e3 c5 6.Bd3 d6 7.Qc2 Nc6 8.O-O Qe7
9.Ne4 Nxe4 10.Bxe4 f5 11.Bxc6 bxc6 12.Qa4 e5 13.h3 e4 14.Nh2 Qc7 15.a3 Ba5
16.b4 Bb6 17.dxc5 dxc5 18.Bb2 Be6 19.Qc2 Qf7 20.Rac1 Rad8 21.bxc5 Bxc5 22.Rfd1
Rxd1+ 23.Rxd1 f4 24.Qxe4 fxe3 25.fxe3 Bxc4 26.Ng4 Be2 27.Qe5 Bxg4 28.hxg4 Qf2+
29.Kh1 Qh4+ 30.Kg1 Qf2+ 31.Kh1 Qh4+ 32.Kg1 {#d} 1/2-1/2

[Event "Ch Australia (juniors)"]
[Site "masterchessopenings.com Australia"]
[Round "6"]
[White "Zhao Zong-Yuan (AUS)"]
[Black "Charles Gareth (AUS)"]
[Result "1-0"]
[WhiteElo "2387"]
[BlackElo "2092"]

1.d4 Nf6 2.c4 e6 3.Nc3 Bb4 4.e3 c5 5.Nf3 O-O 6.Bd3 b6 7.O-O cxd4 8.exd4 Bb7
9.Bg5 Be7 10.Re1 d5 11.Qe2 Nc6 12.cxd5 exd5 13.Ba6 Bxa6 14.Qxa6 Qd7 15.Ne5
Nxe5 16.dxe5 Ng4 17.Bxe7 Qxe7 18.Qe2 d4 19.Nb5 Qh4 20.h3 Nh6 21.Qd3 Rfd8
22.Rad1 Rd7 23.Re4 Qg5 24.Rxd4 Rxd4 25.Qxd4 g6 26.Nc7 Rc8 27.Qd7 Rb8 28.e6
fxe6 29.Nxe6 Qf6 30.Rc1 g5 31.Rc7 Qg6 32.Qd5 Nf7 33.Nxg5 Rf8 34.Rxf7 Rxf7
35.Qxf7+ Qxf7 36.Nxf7 Kxf7 37.Kf1 {#r} 1-0

[Event "Ch Baltik Republics"]
[Site "masterchessopenings.com Palanga (URS)"]
[Round "0"]
[White "Gipslis Aivars (LAT)"]
[Black "Maslov Leonid P (UZB)"]
[Result "1/2-1/2"]
[WhiteElo "2429"]
[BlackElo "2300"]

1.d4 Nf6 2.c4 e6 3.Nc3 Bb4 4.e3 c5 5.Nf3 O-O 6.Bd3 Nc6 7.O-O d6 8.Na4 Qe7
9.dxc5 dxc5 10.Qc2 Ba5 11.a3 Bc7 12.b3 Ne5 13.Nxe5 Bxe5 14.Rb1 Bd7 15.Nc3 Bc6
16.f4 Bxc3 17.Qxc3 Ne4 18.Qc2 f5 19.Bb2 Rad8 20.Rbd1 Qh4 {#d} 1/2-1/2

[Event "Ch Bayern (seniors) (open)"]
[Site "masterchessopenings.com Schney (Germany)"]
[Date "2004.06.10"]
[Round "5"]
[White "Schmidt Gerhard (GER)"]
[Black "Siegmund Rainer (GER)"]
[Result "1-0"]
[WhiteElo "2062"]
[BlackElo "2101"]

1.d4 Nf6 2.c4 e6 3.Nc3 Bb4 4.e3 c5 5.Nf3 O-O 6.Bd3 Bxc3+ 7.bxc3 d6 8.O-O Nc6
9.e4 e5 10.d5 Ne7 11.Nh4 h6 12.Qf3 Ng6 13.Nf5 Bxf5 14.Qxf5 Nh4 15.Qh3 Ng6
16.g3 Qd7 17.Qg2 Rae8 18.Kh1 Re7 19.Rg1 Rc8 20.a4 b6 21.f3 a6 22.f4 b5 23.axb5
axb5 24.cxb5 c4 25.Bc2 Qxb5 26.f5 Nf8 27.g4 N6h7 28.g5 hxg5 29.Bxg5 f6 30.Bc1
Nd7 31.Bh6 Ng5 32.Bxg5 fxg5 33.Qxg5 Rf7 34.Ba4 Qb7 35.Bxd7 Rxd7 36.f6 Kh8
37.Rg3 Kh7 38.Qg4 Re8 39.Rh3+ {#r} 1-0

[Event "Ch Brazil"]
[Site "masterchessopenings.com Nova Friburgo (Brazil)"]
[Round "8"]
[White "Carvalho Herbert Abreu (BRA)"]
[Black "Sunye Neto Jaime (BRA)"]
[Result "1-0"]
[WhiteElo "2182"]
[BlackElo "2415"]

1.d4 Nf6 2.c4 e6 3.Nc3 Bb4 4.e3 O-O 5.Nf3 c5 6.Bd3 Nc6 7.O-O Bxc3 8.bxc3 d6
9.Rb1 e5 10.Nd2 Re8 11.d5 Ne7 12.Qc2 Rb8 13.h3 Bd7 14.f4 exf4 15.exf4 Qc8
16.f5 b5 17.Ne4 Nxe4 18.Bxe4 bxc4 19.Rxb8 Qxb8 20.f6 Ng6 21.fxg7 Kxg7 22.Bg5
Qc8 23.Bxg6 fxg6 24.Qf2 Bf5 25.g4 h6 26.Bxh6+ Kxh6 27.Qh4+ Kg7 28.gxf5 gxf5
29.Qg5+ Kh7 30.Qh5+ Kg8 31.Qg6+ Kh8 32.Rxf5 Re5 33.Qh5+ {#r} 1-0

[Event "Ch Brazil (1/2 final)"]
[Site "masterchessopenings.com Itapiruba (Brazil)"]
[Round "2"]
[White "Coutinho Roberto Cid (BRA)"]
[Black "Januario Severino (BRA)"]
[Result "0-1"]
[WhiteElo "2121"]
[BlackElo "2156"]

1.c4 Nf6 2.Nc3 e6 3.d4 Bb4 4.Nf3 O-O 5.e3 c5 6.a3 Bxc3+ 7.bxc3 d6 8.Bd3 Nc6
9.O-O e5 10.d5 Na5 11.e4 h6 12.Nd2 Qe7 13.Nb3 Nxb3 14.Qxb3 Nh7 15.Rb1 g5
16.Qd1 Kg7 17.f3 f5 18.Rb2 f4 19.Re1 Nf6 20.Bf1 h5 21.g3 Kh6 22.Bg2 Rg8 23.Kf2
b6 24.Ke2 Ba6 25.Qa4 Bc8 26.Qd1 Qd7 27.Rg1 Qf7 28.Kd3 Bd7 29.Bf1 Kh7 30.gxf4
gxf4 31.Rbg2 Rxg2 32.Rxg2 Bh3 33.Rg5 Kh6 34.Rg1 Qd7 35.Bxh3 Qxh3 36.Qe2 Rg8
37.Rxg8 Nxg8 38.Bd2 Nf6 39.Be1 Ng4 40.Bg3 fxg3 41.hxg3 Qxg3 {#R} 0-1

[Event "Ch Catalunia (team)"]
[Site "masterchessopenings.com Catalunia (Spain)"]
[Round "6"]
[White "Hernando Rodrigo Jose Maria (ESP)"]
[Black "Oms Pallise Josep (AND)"]
[Result "0-1"]
[WhiteElo "2328"]
[BlackElo "2445"]

1.d4 Nf6 2.c4 e6 3.Nc3 Bb4 4.e3 O-O 5.Nf3 c5 6.Be2 Nc6 7.O-O Bxc3 8.bxc3 d6
9.Nd2 e5 10.dxc5 dxc5 11.Bf3 Bf5 12.Bxc6 bxc6 13.Qf3 Bd3 14.Rd1 e4 15.Qf5 Bc2
16.Re1 Qd3 17.Nb3 Rfd8 18.Ba3 Qxc4 19.Qxc5 Bxb3 20.axb3 Qxb3 21.Bb4 Qd5
22.Rxa7 Rxa7 23.Qxa7 Ng4 24.h3 Ne5 25.Rb1 h6 26.Qa5 Qd3 27.Ra1 Rd5 28.Qa8+ Kh7
29.Ra5 Nf3+ 30.gxf3 exf3 31.Qxc6 Qe2 32.Ra2 Rg5+ {#R} 0-1

[Event "Ch City (open)"]
[Site "masterchessopenings.com Cheliabinsk (Russia)"]
[Round "9"]
[White "Mikleeva Ais (RUS)"]
[Black "Subbotin Valery (RUS)"]
[Result "1-0"]
[WhiteElo "2008"]
[BlackElo "2026"]

1.d4 Nf6 2.c4 e6 3.Nc3 Bb4 4.Nf3 O-O 5.e3 c5 6.a3 Bxc3+ 7.bxc3 Nc6 8.Bd3 d6
9.O-O b6 10.Bc2 Ba6 11.Bd3 Na5 12.Qe2 Qc7 13.Nd2 Rac8 14.d5 exd5 15.cxd5 c4
16.Bf5 Rce8 17.Qf3 Nb7 18.Ne4 Nxe4 19.Bxe4 Nc5 20.Bf5 Re5 21.e4 g6 22.Bh6 Rfe8
23.Qf4 Qe7 24.f3 f6 25.Qg3 Kh8 26.Bh3 g5 27.Bf5 Bc8 28.Bxc8 Rxc8 29.f4 gxf4
30.Bxf4 Rg8 31.Bxe5 dxe5 32.Qh4 Rg6 33.Rf5 Nd3 34.Raf1 Kg7 35.Kh1 Nf4 36.g3
Rh6 37.Qg4+ Rg6 38.Qd1 Nd3 39.Qa4 Nc5 40.Qxc4 Qd6 41.Qe2 Nd7 42.Qa6 Qc7 43.Qd3
Qd6 44.c4 Nc5 45.Qf3 Nd7 46.Qe3 Nc5 47.R5f2 Qd7 48.Qf3 Qa4 49.Rc1 Qd7 50.Rcc2
Kg8 51.Kg2 Kg7 52.Qf5 Qd8 53.Rc3 Rg5 54.Qf3 Rg6 55.h4 Qe7 56.Qf5 Qd6 57.Re3
Qd8 58.h5 Rg5 59.h6+ Kxh6 60.Qxf6+ Qxf6 61.Rxf6+ Kg7 62.Rf1 {#r} 1-0

[Event "Ch Commonwealth"]
[Site "masterchessopenings.com Sangli (India)"]
[Round "4"]
[White "Atanu Lahiri (IND)"]
[Black "Radha S R (IND)"]
[Result "0-1"]
[WhiteElo "2426"]
[BlackElo "2034"]

1.d4 Nf6 2.c4 e6 3.Nc3 Bb4 4.e3 c5 5.Nf3 O-O 6.Bd3 Nc6 7.O-O cxd4 8.exd4 b6
9.d5 Ne7 10.Bg5 Bxc3 11.bxc3 Ng6 12.h4 h6 13.h5 Ne5 14.Nxe5 hxg5 15.f4 gxf4
16.Rxf4 Qc7 17.Qe2 Re8 18.Rxf6 gxf6 19.Ng4 Qc5+ 20.Kh1 Qe7 21.d6 Qxd6 22.Nxf6+
Kf8 23.Nxe8 Kxe8 24.Be4 Rb8 25.Qg4 Ba6 26.h6 Qe5 27.Rf1 Ke7 28.Qh4+ f6 29.Bf5
Bb7 30.h7 Qe2 31.Rg1 Rh8 32.Bg6 Qd2 33.Qh3 Qg5 34.Bd3 f5 35.Re1 Kf6 36.Rf1 Kg6
37.Kg1 Rxh7 38.Bxf5+ {#R} 0-1

[Event "Ch Croatia (juniors) (team) (under 16)"]
[Site "masterchessopenings.com Vinkovci (Croatia)"]
[Date "2009.12.27"]
[Round "2"]
[White "Dejanovic Dragan (CRO)"]
[Black "Ivekovic Ana (CRO)"]
[Result "1/2-1/2"]
[WhiteElo "1580"]
[BlackElo "1888"]

1.d4 Nf6 2.c4 e6 3.Nc3 Bb4 4.e3 c5 5.Nf3 O-O 6.Bd3 Bxc3+ 7.bxc3 d6 8.O-O Nc6
9.Qc2 b6 10.Ba3 Qc7 11.Ng5 h6 12.Nh7 Nxh7 13.Bxh7+ Kh8 14.Be4 Ba6 15.d5 exd5
16.Bxd5 Rad8 17.f4 Na5 18.Qd3 Qd7 19.e4 Qa4 20.Bc1 Bxc4 21.Bxc4 Qxc4 22.Qf3
Rfe8 23.f5 Kh7 24.f6 Qxe4 25.Qh3 Qg6 26.fxg7 f6 27.Bb2 Nc4 28.g8=Q+ Rxg8
29.Bc1 Ne5 30.Rf5 Nf7 31.Rf2 Ng5 32.Bxg5 Qxg5 33.Qe6 Qe5 34.Qb3 Rg5 35.Raf1
Rdg8 36.Qc2+ Kh8 37.Rxf6 Rxg2+ 38.Qxg2 Rxg2+ 39.Kxg2 Kg7 40.Rf7+ Kg6 41.Rxa7
Qxc3 42.Ra6 Qc2+ 43.Rf2 Qe4+ 44.Kg1 Qe1+ 45.Kg2 Qe4+ 46.Kg1 Qb7 47.Ra3 c4
48.Rg3+ Kh7 49.Rgf3 Qg7+ 50.Kf1 Qa1+ 51.Kg2 {#d} 1/2-1/2

[Event "Ch Croatia (team) (2nd league)"]
[Site "masterchessopenings.com Croatia"]
[Date "2006.04.22"]
[Round "4"]
[White "Nol Andrija (CRO)"]
[Black "Majeric Zoran (CRO)"]
[Result "0-1"]
[WhiteElo "2220"]
[BlackElo "2308"]

1.d4 Nf6 2.Nf3 e6 3.c4 Bb4+ 4.Nc3 c5 5.e3 O-O 6.Qc2 cxd4 7.Nxd4 Nc6 8.Be2 d5
9.cxd5 Nxd4 10.exd4 Qxd5 11.O-O Qxd4 12.Nb5 Qe5 13.Be3 Ng4 14.Bxg4 Qxb5
15.Rfd1 e5 16.Be2 Qe8 17.Bd3 Kh8 18.Qb3 a5 19.Bc4 f5 20.a3 Be7 21.Bd5 a4
22.Qc3 f4 23.Bb6 Bg4 24.Re1 Qb5 25.Qxe5 Bf6 26.Qd6 Bxb2 27.Rab1 Rf6 28.Be6
Bxe6 29.Rxe6 Qf5 30.Rbe1 Rxe6 31.Qxe6 Qxe6 32.Rxe6 Bxa3 33.Bd4 Kg8 34.Kf1 Rd8
35.Be5 Bc5 36.Ke2 Kf7 {#R} 0-1

[Event "Ch Czech Republic (juniors) (under 16)"]
[Site "masterchessopenings.com Kouty nad Desnou (Czech Republic)"]
[Date "2012.03.12"]
[Round "4"]
[White "Toman Ondrej"]
[Black "Hrdina Robin"]
[Result "1-0"]
[WhiteElo "1872"]
[BlackElo "2045"]

1.d4 Nf6 2.c4 e6 3.Nc3 Bb4 4.Nf3 c5 5.e3 O-O 6.Bd3 d6 7.O-O Bxc3 8.bxc3 Nc6
9.Qc2 e5 10.Bf5 Re8 11.Bb2 e4 12.Bxc8 Rxc8 13.Nd2 Qe7 14.f3 b6 15.Rae1 Na5
16.Ba3 Qe6 17.d5 Qe7 18.f4 Qd7 19.h3 h5 20.Kh2 Qf5 21.Qd1 g6 22.Qe2 Kg7 23.Nb3
Nb7 24.Bc1 Rh8 25.Bd2 Kf8 26.Rb1 Ke7 27.Be1 h4 28.a4 Rb8 29.Bf2 Qd7 30.Qa2 Qc7
31.Rb2 Nd7 32.Qb1 f5 33.Qe1 Na5 34.Bxh4+ Kf7 35.Nxa5 bxa5 36.Rxb8 Qxb8 37.Bg5
Qb3 38.Qb1 Rb8 39.Qxb3 Rxb3 40.Bd8 Rxc3 41.Bxa5 Rxc4 42.Rb1 Rxa4 43.Rb7 Rxa5
44.Rxd7+ Ke8 45.Rxd6 c4 46.Rc6 Rxd5 47.Rxc4 Kd7 48.g4 Ke6 49.gxf5+ gxf5 50.h4
Rd6 51.Ra4 a6 52.Kg3 Kf6 53.Ra5 Rc6 54.h5 Rd6 55.h6 Kg6 56.h7 Kxh7 57.Rxf5 Re6
58.Ra5 Kg7 59.f5 Rb6 60.Kf4 Kf6 61.Ra4 Rc6 62.Kxe4 Rb6 63.Kf4 Rc6 64.e4 Rb6
65.e5+ Kf7 66.Kg5 Rb1 67.Kf4 Rb6 68.Ke4 Rc6 69.Ra5 Rb6 70.Rc5 Rb1 71.Rc7+ Ke8
72.Kd5 Kd8 73.Ra7 Rb6 74.f6 Ke8 75.e6 Rb8 76.Rh7 Kd8 77.Rh8+ Kc7 78.Rh7+ Kd8
79.Ke4 {#r} 1-0

[Event "Ch Czechoslovakia"]
[Site "masterchessopenings.com Prague (Czech Republic)"]
[Round "12"]
[White "Alster Ladislav (CZE)"]
[Black "Pachman Ludek (GER)"]
[Result "1/2-1/2"]
[WhiteElo "2250"]
[BlackElo "2278"]

1.d4 Nf6 2.c4 e6 3.Nc3 Bb4 4.e3 c5 5.Nf3 O-O 6.Bd3 b6 7.O-O Bb7 8.Bd2 cxd4
9.exd4 Be7 10.Bg5 d5 11.Bxf6 Bxf6 12.cxd5 exd5 13.Qb3 Nc6 14.Qxd5 Na5 15.Qf5
g6 16.Qf4 {#d} 1/2-1/2

[Event "Ch Denmark (team) 1999/00"]
[Site "masterchessopenings.com Denmark"]
[Round "6"]
[White "Yssing Klaus (DEN)"]
[Black "Palo Davor (DEN)"]
[Result "0-1"]
[WhiteElo "2067"]
[BlackElo "2213"]

1.d4 Nf6 2.c4 e6 3.Nc3 Bb4 4.e3 O-O 5.Nf3 c5 6.Be2 cxd4 7.exd4 d5 8.a3 Bxc3+
9.bxc3 dxc4 10.Bxc4 Qc7 11.Qd3 b6 12.Bg5 Nbd7 13.Rc1 Bb7 14.Bxf6 Nxf6 15.Ba2
Qd6 16.c4 Bxf3 17.gxf3 Rad8 18.Rd1 e5 19.d5 Nh5 20.Bb1 f5 21.Rg1 Nf4 22.Qc3
Rc8 23.a4 a6 24.Qb3 Rc5 25.Bd3 Kh8 26.Rb1 b5 27.cxb5 e4 28.fxe4 Qe5 29.bxa6
Rc3 30.Qb4 Nxd3+ {#R} 0-1

[Event "Ch Europe (juniors) (under 14)"]
[Site "masterchessopenings.com Rimavska Sobota (Slovakia)"]
[Round "2"]
[White "Filipovic Marko (CRO)"]
[Black "Kanep Meelis (EST)"]
[Result "1/2-1/2"]
[WhiteElo "2335"]
[BlackElo "2504"]

1.d4 Nf6 2.c4 e6 3.Nc3 Bb4 4.e3 O-O 5.Nf3 c5 6.Bd3 b6 7.O-O Bxc3 8.bxc3 Bb7
9.Nd2 cxd4 10.cxd4 d5 11.Bb2 Nc6 12.Rc1 Ne7 13.c5 Bc6 14.Qe2 Rb8 15.Nf3 Nd7
16.cxb6 Rxb6 17.Ba3 Re8 18.Rb1 Ng6 19.Rxb6 axb6 20.Rc1 Qa8 21.Bd6 e5 22.Bxg6
hxg6 23.Bxe5 Rc8 24.Qb2 Bb7 25.Rxc8+ Qxc8 26.Bd6 Qc6 27.Bf4 Ba6 28.Ne5 Nxe5
29.Bxe5 Qb5 30.Qxb5 Bxb5 31.Bc7 Bc4 32.a3 b5 33.f3 f5 34.h4 Kf7 35.Kf2 Bd3
36.Be5 Bc4 37.Kg3 Bf1 38.Kf2 Bc4 39.g4 Bd3 40.Kg3 Bc2 41.Kf4 Bd3 42.h5 fxg4
43.hxg6+ Bxg6 44.Kxg4 Bd3 45.Kf4 g6 46.e4 Ke6 47.Ke3 Bb1 {#d} 1/2-1/2

[Event "Ch Europe (juniors) (under 16)"]
[Site "masterchessopenings.com Baile Herculane (Romania)"]
[Round "0"]
[White "Duric Dalibor (BEL)"]
[Black "Tzoumbas Anastasios (GRE)"]
[Result "0-1"]
[WhiteElo "2028"]
[BlackElo "2415"]

1.d4 Nf6 2.c4 e6 3.Nc3 Bb4 4.e3 c5 5.Nf3 O-O 6.Be2 b6 7.O-O Bb7 8.Bd2 cxd4
9.Nxd4 Na6 10.Bf3 Bxf3 11.Nxf3 Qc8 12.Qe2 Qb7 13.a3 Be7 14.e4 d6 15.e5 dxe5
16.Nxe5 Nc5 17.Be3 Bd6 18.Nf3 Rac8 19.Nb5 Bb8 20.b4 Nce4 21.Rfc1 Ng4 22.h3
Nxe3 23.Qxe3 a6 24.Nbd4 Bd6 25.Nd2 Nxd2 26.Qxd2 Be5 27.Qe3 Qb8 28.Rc2 Rfd8
29.Rd1 Bf4 30.Qe2 Qe5 31.Nf3 Qxe2 32.Rxd8+ Rxd8 33.Rxe2 Rd3 34.Ne1 Rxa3 35.c5
bxc5 36.Rc2 Kf8 37.bxc5 Ra1 38.Kf1 Ke8 39.Ke2 Kd7 40.Nd3 Bc7 41.Nb4 Be5 42.Kd3
Ra4 43.c6+ Kc7 44.Na2 Ra3+ 45.Kc4 Bd6 46.Kd4 Rb3 47.Nc3 Rb6 48.Ne4 Rxc6 49.Ra2
Be7 50.f3 f5 51.Nd2 Bf6+ 52.Kd3 Rc3+ 53.Ke2 Kb6 54.Rb2+ Kc6 55.Ra2 Kb5 56.Rb2+
Kc5 57.Ra2 Kb6 {#R} 0-1

[Event "Ch Europe (seniors)"]
[Site "masterchessopenings.com Kaunas (Lithuania)"]
[Date "2012.08.25"]
[Round "8"]
[White "Balashov Yuri S (RUS)"]
[Black "Mochalov Evgeny V (BLR)"]
[Result "1/2-1/2"]
[WhiteElo "2446"]
[BlackElo "2385"]

1.d4 Nf6 2.c4 e6 3.Nc3 Bb4 4.e3 O-O 5.Nf3 c5 6.Be2 Nc6 7.O-O Bxc3 8.bxc3 d6
9.Nd2 e5 10.d5 Ne7 11.Qc2 Kh8 12.Bd3 Ng4 13.h3 Nh6 14.f4 f5 15.e4 exf4 16.exf5
Bxf5 17.Rxf4 Qd7 18.Ne4 Ng6 19.Rf2 Bxe4 20.Rxf8+ Rxf8 21.Bxe4 Ne5 22.Bg5 Nxc4
23.Re1 Ne5 24.c4 b5 25.cxb5 Nhf7 26.Bc1 Qxb5 27.Bxh7 Qb4 28.Re4 Qb5 29.Rf4 Qe8
30.Rh4 Nh6 31.Be4 Qe7 32.Rh5 Nf7 33.Bg6 Kg8 34.Bh7+ Kh8 35.Kh2 Re8 36.Bg6 Rf8
37.Qc3 Kg8 38.Qg3 Qf6 39.Bc2 Re8 40.Bd2 Re2 41.Bc3 Ne5 42.Bxe5 Rxe5 43.Rh4 Rg5
44.Qf4 Nf5 45.Qe4 Rxg2+ 46.Kxg2 Nxh4+ 47.Kg3 g5 48.Kg4 Kf8 49.Bd3 a5 50.a4 Kg7
51.Qh7+ Kf8 52.Qe4 {#d} 1/2-1/2

[Event "Ch Finland"]
[Site "masterchessopenings.com Finland"]
[Round "1"]
[White "Norri Joose (FIN)"]
[Black "Kokkila Tero (FIN)"]
[Result "1-0"]
[WhiteElo "2400"]
[BlackElo "2335"]

1.d4 Nf6 2.c4 e6 3.Nc3 Bb4 4.e3 c5 5.Nf3 O-O 6.Bd3 b6 7.O-O Bb7 8.Na4 cxd4
9.a3 Be7 10.exd4 d5 11.c5 bxc5 12.Nxc5 Bxc5 13.dxc5 Qc7 14.b4 e5 15.Bf5 Nc6
16.Bb2 d4 17.Re1 Rfe8 18.Rc1 Ne7 19.Bb1 Ned5 20.c6 Ba6 21.Qa4 Bc8 22.Qa5 Qxa5
23.bxa5 Rb8 24.Ba1 Rb5 25.Nxe5 Nc3 26.f4 Nfd5 27.Bd3 Rb3 28.Bc4 Rxa3 29.Bxc3
{#r} 1-0